00736nam a2200229 a 4500001001300000003000900013005001700022008004100039020000900080082001900089100001900108245003300127260002300160300000900183500003500192650003300227902000800260942000700268952011300275952010100388999001700489nice12345678IN_TiNIC20260116015049.0050524s1996 dela grp 000 0 eng  ac7500a306.60954bCHA aChatterji, S K aCulture Religion and Society aDelhibISPCKc1996 a310p aincludes index and biblioraphy aReligion and Sociology-India bSRS cBK 00104070aHMIbHMId2018-07-11g75.00l1o306.60954 CHAp11000200r2024-09-20s2016-09-15w2026-01-16yBK 00104070aHMIbHMId2018-07-11g75.00l0o306.60954 CHAp11000638r0000-00-00w2026-01-16yBK c18160d18160